000
00242nam a2200097Ia 4500
008
190216s9999||||xx |||||||||||||| ||und||
100
_a
Null
245
0
_a
Hindi-Ghel Manorenjan Hare Ganithjan
260
_b
Mac Millian And Com. Ltd
942
_c
BK
999
_c
17415
_d
17415